Top 10: klasyfikacja medalowa mistrzostw Europy w lekkoatletyce - Statystyki

Ogólne statystyki
  • Ten quiz został rozwiązany 57 razy
    39 od ostatniego zresetowania
  • Średni wynik to 9 z 10
Statystyki odpowiedzi
Złoto Srebro Brąz Kraj % Poprawnych
73 74 71 Francja
100%
59 60 67 Polska
100%
110 126 124 Niemcy
94%
50 51 57 Rosja
94%
128 100 109 Wielka Brytania
94%
56 55 57 Włochy
94%
34 30 42 Hiszpania
88%
32 44 43 Szwecja
85%
33 29 29 Holandia
79%
35 29 42 Finlandia
67%
Nie znaleziono quizów pasujących do podanych kryteriów
Rozkład punktacji
Procent ludzi z każdym wynikiem
Percentyl według liczby udzielonych odpowiedzi
Twoja historia wyników
Nie rozwiązałeś tego quizu od ostatniego zresetowania